000
00278nam a22001217a 4500
008
170911b xxu||||| |||| 00| 0 eng d
041
_a
eng
080
_a
53
100
_a
43
101
_a
FIZ
245
_a
THINKING PHYSICS PRACTICAL LESSONS
_c
EPSTEIN.L.C
942
_2
udc
_c
BK
999
_c
27207
_d
27207